000 00397nam a2200181Ia 4500
005 20240823054828.0
008 240823s9999||||xx |||||||||||||| ||und||
041 _aENGLISH
082 _A822.912 Q2
100 _aJohn Galsworthy
245 0 _aJustice
250 _a1st
260 _c2012
_bManimekala Publi
500 _aYES
650 _aStories
_bEnglish
942 _cBK
999 _c227372
_d227372